Карл фон Клаузевиц "О войне" (Запись № 1758051)

Подробности
000 -МАРКЕР
контрольное поле 03576nam0a2200457 4500
001 - ИДЕНТИФИКАТОР ЗАПИСИ
контрольное поле RU\NLR\bibl\1498608
005 - ИДЕНТИФИКАТОР ВЕРСИИ
контрольное поле 20260407064500.0
010 ## - МЕЖДУНАРОДНЫЙ СТАНДАРТНЫЙ НОМЕР КНИГИ (ISBN)
Номер (ISBN) 978-5-17-062890-2
Уточнения АСТ
010 ## - МЕЖДУНАРОДНЫЙ СТАНДАРТНЫЙ НОМЕР КНИГИ (ISBN)
Номер (ISBN) 978-5-403-02575-1
Уточнения АСТ Москва
010 ## - МЕЖДУНАРОДНЫЙ СТАНДАРТНЫЙ НОМЕР КНИГИ (ISBN)
Номер (ISBN) 978-5-4215-0052-0
Уточнения Полиграфиздат
Тираж 3000
021 ## - НОМЕР ГОСУДАРСТВЕННОЙ РЕГИСТРАЦИИ
Код страны российская федерация
Номер 2010-13149
Номер Листа государственной регистраци 874
035 ## - ДРУГИЕ СИСТЕМНЫЕ НОМЕРА
Идентификатор записи (nilc)RSL-KNO-004588265
035 ## - ДРУГИЕ СИСТЕМНЫЕ НОМЕРА
Идентификатор записи (LIBNET)IZD\AST\2007\963147
035 ## - ДРУГИЕ СИСТЕМНЫЕ НОМЕРА
Идентификатор записи IZD\AST\2007\963147
035 ## - ДРУГИЕ СИСТЕМНЫЕ НОМЕРА
Идентификатор записи (NLR Aleph) 001490081
100 ## - ДАННЫЕ ОБЩЕЙ ОБРАБОТКИ
Данные общей обработки 20100203d2009 |||y0rusy50 ca
101 1# - ЯЗЫК РЕСУРСА
Язык текста, звукозаписи и т.д. русский
Язык оригинала английский
102 ## - СТРАНА ПУБЛИКАЦИИ ИЛИ ПРОИЗВОДСТВА
Страна публикации российская федерация
105 ## - ПОЛЕ КОДИРОВАННЫХ ДАННЫХ: ТЕКСТОВЫЕ МАТЕРИАЛЫ, МОНОГРАФИЧЕСКИЕ
Кодированные данные о монографическом текстовом документе y zzzz|||||
200 1# - ЗАГЛАВИЕ И СВЕДЕНИЯ ОБ ОТВЕТСТВЕННОСТИ
Основное заглавие Карл фон Клаузевиц "О войне"
Первые сведения об ответственности Хью Стрэчен
Последующие сведения об ответственности [пер. с англ. О. Жуковой]
210 ## - ПУБЛИКАЦИЯ, РАСПРОСТРАНЕНИЕ И ДР.
Место издания, распространения и т.д. Москва
Имя издателя, распространителя и т. д. ACT
-- Полиграфиздат
Дата издания, распространения и т.д. 2009 (макет 2010)
215 ## - ФИЗИЧЕСКАЯ ХАРАКТЕРИСТИКА
Специфическое обозначение материала и объем 319 с.
Размеры 21
225 1# - СЕРИЯ
Основное заглавие серии 10 книг, изменивших мир
320 ## - ПРИМЕЧАНИЯ О НАЛИЧИИ В ДОКУМЕНТЕ БИБЛИОГРАФИИ / УКАЗАТЕЛЯ
Текст примечания Библиогр. в примеч.: с. 281-307
330 ## - РЕЗЮМЕ ИЛИ РЕФЕРАТ
Текст примечания "О войне" Карла фон Клаузевица. Книга, которую называют "одним из величайших произведений о военной стратегии в истории человечества". Впервые она была опубликована в Германии после окончания наполеоновских войн - и до сих пор изучается в большинстве военных академий. Она оказала настолько значительное влияние на развитие воинского искусства XX века, что многие ее тезисы с успехом использовались в Первой и Второй мировой войне. Более того, многие ученые и публицисты по сей день считают именно Карла фон Клаузевица и его теорию "абсолютной войны" виновными в жестокости, с которой велись войны прошлого столетия. Однако есть ли в этих обвинениях зерно истины? Не стал ли Карл фон Клаузевиц жертвой исторической несправедливости? Так ли уж он защищает и воспевает в своем произведении войну, как это принято считать? На эти вопросы один из самых известных военных историков мира Хью Стрэчен дает в своей книге оригинальные и исчерпывающие ответы...
604 ## - ИМЯ И ЗАГЛАВИЕ КАК ПРЕДМЕТ
Связываемые данные 700#1$aКлаузевиц$gКарл фон$bК. фон$f1780 - 1831
-- 50010$a"О войне"$2nlr_sh2$3RU\NLR\AUTH\66225686
Имя лица Клаузевиц, Карл фон (1780 - 1831)
Заглавие "О войне"
Системный номер авторитетной/нормативной записи 1308319
Идентификатор авторитетной/нормативной записи RU\NLR\AUTH\66225686
686 1# - ИНДЕКСЫ ДРУГИХ КЛАССИФИКАЦИЙ
Индекс Ц1,8(4Г)2
700 #1 - ИМЯ ЛИЦА - ПЕРВИЧНАЯ ОТВЕТСТВЕННОСТЬ
Начальный элемент ввода Стрэчен
Часть имени, кроме начального элемента ввода Х.
Расширение инициалов личного имени Хью
Код отношения Автор
702 #1 - ИМЯ ЛИЦА - ВТОРИЧНАЯ ОТВЕТСТВЕННОСТЬ
Код отношения Прочие
Графика поля Кириллица
Материалы, к которым относится поле rus
Начальный элемент ввода Клаузевиц
Часть имени, кроме начального элемента ввода К. фон
Даты 1780-1831
Расширение инициалов личного имени Карл фон
Идентификатор авторитетной/нормативной записи RU\NLR\AUTH\7714679
Системный номер авторитетной/нормативной записи 124349
801 #0 - ИСТОЧНИК ЗАПИСИ
Страна российская федерация
Организация ЛИБНЕТ
Дата составления 20100203
Правила каталогизации RCR
801 #1 - ИСТОЧНИК ЗАПИСИ
Страна российская федерация
Организация ЛИБНЕТ
Дата составления 20100203
801 #2 - ИСТОЧНИК ЗАПИСИ
Страна российская федерация
Организация ЦУНБ Москва
Дата составления 20100330
Правила каталогизации RCR
801 #1 - ИСТОЧНИК ЗАПИСИ
Страна российская федерация
Организация РГБ
Дата составления 20100203
801 #2 - ИСТОЧНИК ЗАПИСИ
Страна российская федерация
Организация ЦУНБ Москва
Дата составления 20100302
Правила каталогизации RCR
801 #2 - ИСТОЧНИК ЗАПИСИ
Страна российская федерация
Организация NLR
Дата составления 20100414
Правила каталогизации rcr
830 ## - ОБЩЕЕ ПРИМЕЧАНИЕ, СОСТАВЛЕННОЕ КАТАЛОГИЗАТОРОМ
Текст примечания CODE_OF_LIBNET\000047343
942 ## - ДОПОЛНИТЕЛЬНЫЕ ЭЛЕМЕНТЫ ЗАПИСИ (АБИС)
Тип экземпляра АБИС Книга
980 ## - КОЛЛЕКЦИЯ
Название коллекции Национальная библиография
Экземпляры
Тип экземпляра Дата поступления Источник поступления Библиотека постоянного хранения Библиотека текущего хранения Место хранения Шифр хранения Штрих-код Статус не для выдачи
Книга 14.04.2010 Обязательный экземпляр РНБ (Московский) РНБ (Московский) Русский книжный фонд: издания с 1957 года, 8этаж 2010-3/11395 1-827793  
Книга 14.04.2010 Обязательный экземпляр РНБ (Московский) РНБ (Московский) Русский книжный фонд: издания с 1957 года, 8этаж 2010-3/11395 3148973